Petit bac : nourriture - Statistiques

Statistiques générales
  • Ce quiz a été pris 1 149 fois
  • Le résultat moyen est 18 sur 26
Statistiques - réponses
Lettre Aliment / boisson % Correct
B baba au rhum / bagel / bambou / banane / baklava / bar / barre / basilic / batavia / bâtonnet / baudroie / beaufort / beignet / bette / betterave / beurre / bicarbonate / bière / bigorneau / biscotte / biscuit / blanquette / blé / bleu / blini / bœuf / bogue / boisson / bonbon / bonite / bouchée / boudin / bouillon / boule / boulette / boulgour / brèdes / brème / bresaola / bretzel / brick / brie / brioche / brochet / brochette / brocoli / brownie / bûche / bulot / burger / burritos
99%
C cabillaud / cacahuète / cacao / café / caille / caïmite / cake / calisson / calmar / camembert / canard / cancoillotte / canelé / canneberge / cannelle / cantal / capelan / câpre / carambole / caramel / carangue / cardamome / cardine franche / cardon / carotte / carpaccio / carpe / carré / carrelet / carvi / cassoulet / caviar / céleri / céréale / cerf / cerfeuil / cerise / cervelas / cervelle / chabichou / chair à saucisse / champagne / champignon / chaource / chapon / charcuterie / charlotte / châtaigne / chayote / cheddar / cheeseburger / cheesecake / chevreau / chevreuil / chevrot / chewing-gum / chia / chicorée / chili / chinchard / chipolata / chips / chocolat / chorizo / chop suez / chou / chouquette / christophine / ciboule / cidre / ciboulette / citron / citrouille / clafoutis / clam / clémentine / cocktail / clou de girofle / cœur / coing / cola / compote / comté / concombre / cône / confiserie / confit / confiture / congre / cookie / coppa / coq / coquille / corb / coriandre / corne / cornichon / coulis / coulommiers / coupe glacé / courge / courgette / couscous / crabe / crackers / crème / crêpe / cresson / crevette / croissant / croque-monsieur / crosne / crottin / croûton / crudité / crumble / cumin / curcuma / curry
99%
A abat / abricot / abondance / accra / agar / agneau / ail / alcool / aligot / amande / amidon / ananas / anchois / andouille / andouillette / anguille / aneth / anone / ao-nori / apéritif / araignée / artichaut / ascophylle / asiago / asperge / aubergine / autruche / avocat / avoine
97%
F faisan / faisselle / fajitas / falafel / far / farce / farine/ fécule / feijoa / fenouil / fenugrec / feta / feuille / feuilleté / fève / ficelle / figue / filet / flammenkueche / flan / flétan / fleur / flocon / florentin / focaccia / foie / fond / fondue / fougasse / fourme / fraise / framboise / frik / frite / fromage / fructose / fruit / fucus
94%
P paella / pain / palet / palette / palmier / pan / panaché / panais / pancetta / panga / pangasius / papaye / paprika / parmentier / parmesan / parme / pastèque / pastilla / pastis / patate / pâté / pâte / pâtisserie / pavot / paupiette / pêche / pecorino / pecten / pélardon / perche / persil / pétale / pétillant / petit pois / petit pot / petit salé / pétoncle / pied / pigeon / pignon / pilchard / pilent / pintade / piperade / pissenlit / pistache / pizza / plat légumes / poêlée / poire / poireau / pois / poisson / poitrine / poivre / poivron / polenta / pollen / pomelo / pomme / pomme de terre / pont l’Evêque / pop-corn / porc / pot-au-feu / potimarron / potée / potatoes / potiron / poudre / poule / poulet / poulpe / pouligny / profiterole / protéine / provolone / prune / pruneau / purée
92%
M macaron / macédoine / mâche / madeleine / maïs / mandarine / mangue / mango / manioc / maquereau / marjolaine / marmelade / maroilles / marron / marsala / mascarpone / massissi / matière grasse / mayonnaise / mélange / mélasse / melon / miel / meloukhia / menthe / merguez / meringue / merlan / merlu / mérou / mesclun / mil / milk-shake / mille-feuille / mimolette / mirabelle / miso / mont d’or / morbier / mortadelle / morue / moule / moussaka / mousse / moutarde / mouton / mozzarella / muesli / muffin / mulet / multi / munster / mûre / museau / myrtille
89%
G galantine / galette / gâteau / gaufre / gélatine / gelée / gélifiant / génoise / germe / gésier / gibier / gin / gingembre / giraumon / glace / gnocchi / gombo / gorgonzola / gouda / gougère / goûter / goyave / gracilaire / grain / graisse / grana padano / gratin / grenade / grenadier / grenadine / grenouille / gressin / griotte / grondin / groseille / gruyère / guacamole / guimauve
88%
R raclette / radis / raie / raifort / raisin / ramboutan / rascasse / ratatouille / ravioli / reblochon / requin / rhubarbe / rhum / ricotta / rillettes / ris / risotto / riste / riz / rocamadour / rocher / rognon / romarin / rond / roquefort / roquette / rosette / rostis / rôti / rouget-barbet / roulade / rouleau / roussette / rutabaga
88%
S sablé / sabre / safran / saindoux / saint-marcelin / saint-nectaire / saint-paulin / saint-pierre / sainte-maure / saké / salade / salami / salicorne / salsifis / samossa / sandwich / sang / sanglier / sangria / sardine / sarrasin / sauce / saucisse / saucisson / sauge / saumon / saupe / sauté / scarole / sébaste / seiche / seigle / seitan / sel / sésame / semoule / sirop / smoothie / snack / sole / son / sorbet / sorgho / soupe / spéculos / spiruline / spart / substitut / sucre / sucreau / surimi / sushi
87%
E eau / échalote / éclair / écrevisse / edam / édulcorant / églefin / emmental / empereur / endive / entremets / épaule / épeautre / éperlant / épinard / épice / époisses / escalope / escargot / espadon / estragon / esturgeon
85%
T taboulé / tacaud / tahin / tajine / tamarin / tapenade / tapioca / tarama / taro / tarte / tartiflette / tartine / tempeh / terrine / tétragone / thé / thon / thym / tielle / tilapia / tiramisu / tisane / tofu / toast / tomate / tomme / tonic / topinanbour / tortilla / tournesol / tripe / truite / turbot / tzatziki
85%
D datte / denté / dés / dessert / diabolo / dinde / diot / dorade / double cheeseburger / dourian / dragée / dulse
84%
L lait / laitue / langouste / langoustine / langres / langue / lapin / lard / lardon / lasagnes / laurier / lécithine / légume / lentille / levure / lichen / liégeois / lieu / limande / limonade / lin / ligue / liqueur / litchi / livarot / lompe / longan / lotte / loup / lupin / luzerne
83%
O oeuf / oie / oignon / olive / omelette / omble / orange / oreille / orge / origan / orphie / ormeau / orphie / oseille / ossau-iraty / osso
82%
H haché / hachis / haddock / hamburger / hareng / haricot / harissa / herbe / hoki / homard / hot-dog / houmous / huile / huître
81%
K kaki / kamanioc / kéfir / ketchup / khatfa / kir / kiwi / kombu / kouign / kumquat / kebab
80%
N navarin / navet / nectar / nectarine / nem / neufchâtel / noisette / noix / nougat / nouille / nugget / neeps / nachos
77%
J jambon / jacque / joëls / julienne / jus / jicama / judas / jujube / jambose / jaboticaba /
74%
V vanille / veau / valençay / vermicelle / viande / vin / viennoiserie / vinaigre / vivaneau / vodka / volaille
73%
Q quatre épices / quatre-quarts / quenelle / quiche / quinoa
49%
Y yakitori / yaourt / yuzu / yucca filifera / yacón / yin tsoï
46%
W wakame / whisky / wasabi / wontons / wiener / Weetabix / witlof
37%
I igname / île flottante / icaque / inga
31%
Z zeste / zatte / ziziphus jujuba / ziziphus mauritiana
20%
U ugli / urubu / udon / uva / ulluco / ube / urda / umeboshi
14%
X ximenia
6%
Aucun quiz correspondant
Distribution des résultats
% des personnes avec chaque résultat
Percentile par nombre de réponses
Votre historique - résultats
Vous n’avez pas pris ce quiz